Normal view
MARC view
Entry Personal Name
001 - CONTROL NUMBER
- control field: 24190
003 - CONTROL NUMBER IDENTIFIER
- control field: dpl
005 - DATE AND TIME OF LATEST TRANSACTION
- control field: 20101109111620.0
008 - FIXED-LENGTH DATA ELEMENTS
- fixed length control field: 101109|||a|||||| | ||| d
040 ## - CATALOGING SOURCE
- Original cataloging agency: dpl
- Transcribing agency: dpl
100 ## - HEADING--PERSONAL NAME
- Personal name: पाण्डेय, धीरज
670 ## - SOURCE DATA FOUND
- Source citation: Work cat.: (dpl)34073: एक्सिलेन्ट सामान्य ज्ञान कोशः, 2011
670 ## - SOURCE DATA FOUND
- Source citation: Work cat.: (dpl)34073: एक्सिलेन्ट सामान्य ज्ञान कोशः, 2011
